000 00502nmm a2200181Ia 4500
008 251105s9999||||xx |||||||||||||||||und||
041 _aspa
100 _aGoethe, Johann Wolfgang
245 0 _aPoesía y verdad
264 _a[Madrid, España] :
_bAlba Editorial,
_c2016
300 _a840 páginas
490 _aClásica Maior
650 _aBiography
700 _aGoethe, Johann Wolfgang
700 1 _a Sala Rose, Rosa
856 _uhttps://public.digitaliapublishing.com/a/48899
942 _cCF
999 _c66183
_d66183